000 00269nam a2200109Ia 4500
008 200302s9999 xx 000 0 und d
100 _aKen Wai
245 _aSeeking Equilibrium Archtecture
260 _bPage one Publishing Pvt. Ltd.
260 _c2010
300 _a120 P.,
999 _c2888
_d2888